Reseña biográfica de Don José María Rey y Heredia : (Record no. 159971)

MARC details
000 -LEADER
campo de control de longitud fija 01082nam a2200217 i 4500
001 - NÚMERO DE CONTROL
campo de control 159971
003 - IDENTIFICADOR DE NÚMERO DE CONTROL
campo de control ES-MaACL
005 - FECHA Y HORA DE LA ÚLTIMA TRANSACCIÓN
campo de control 20250618063030.0
008 - DATOS DE LONGITUD FIJA--INFORMACIÓN GENERAL
campo de control de longitud fija 970402s1865 sp a |||| | spa d
080 ## - NÚMERO DE LA CLASIFICACIÓN DECIMAL UNIVERSAL
Número de la Clasificación Decimal Universal 929 Rey y Heredia, José María
100 1# - ENTRADA PRINCIPAL--NOMBRE DE PERSONA
Nombre de persona Monlau, Pedro Felipe,
Fechas asociadas al nombre 1808-1871
9 (RLIN) 82226
245 10 - MENCIÓN DEL TÍTULO
Título Reseña biográfica de Don José María Rey y Heredia :
Resto del título prólogo de la obra intitulada Teoría trascendental de las cantidades imaginarias /
Mención de responsabilidad, etc. escrito por su amigo y compañero Don Pedro Felipe Monlau...
260 ## - PUBLICACIÓN, DISTRIBUCIÓN, ETC.
Lugar de publicación, distribución, etc. Madrid :
Nombre del editor, distribuidor, etc. [s.n.],
Fecha de publicación, distribución, etc. 1865 (
Fabricante Imp. y Estereotipia de M. Rivadeneyra)
300 ## - DESCRIPCIÓN FÍSICA
Extensión 14 p., [1] h. de lám. ;
Dimensiones 27 cm.
599 ## - NOTA A LAS ILUSTRACIONES
NOTA A LAS ILUSTRACIONES Lám.: retrato de Jose María Rey: "C. Alabern grb. 1864"
700 1# - ENTRADA AGREGADA--NOMBRE PERSONAL
Nombre de persona Rey y Heredia, José María.
9 (RLIN) 131747
740 02 - ENTRADA AGREGADA--TÍTULO RELACIONADO/ANALÍTICO NO CONTROLADO
Título relacionado o analítico no controlado Teoría trascendental de las cantidades imaginarias.
852 4# - LOCALIZACIÓN
Ubicación ES-MaACL
Número de control de estantería T-75-F-13
Nota libre - Enc. hol., falto de cub. original
-- - Enc. en un vol. facticio
856 4# - LOCALIZACIÓN Y ACCESO ELECTRÓNICOS
Identificador Uniforme de Recursos <a href="http://bdh-rd.bne.es/viewer.vm?id=0000092318&page=1 ">http://bdh-rd.bne.es/viewer.vm?id=0000092318&page=1 </a>
Nota pública Biblioteca Digital Hispánica
Holdings
Estatus retirado Estado de pérdida Estado de daño No para préstamo Colección Biblioteca de origen Biblioteca actual Ubicación en estantería Fecha de adquisición Total de préstamos Signatura topográfica completa Código de barras Visto por última vez Precio de reemplazo Tipo de ítem Koha
        Colección de folletos Biblioteca del Ateneo de Madrid Biblioteca del Ateneo de Madrid Depósito folletos 17/01/2008   T-75-F-13 1167474 23/02/2023 23/02/2023 Folleto